Statistics for Fictional Movies in Seinfeld

Click here to take the quiz!

General Stats

  • This quiz has been taken 42 times
  • The average score is 8 of 18

Answer Stats

HintAnswer% Correct
A young girl's strange, erotic journey from Milan to Minsk.Rochelle, Rochelle
97%
When someone tries to blow you up not because of who you are, but because of different reasons altogether. ("Aw, man! We're missing the...")Death Blow
72%
A family comedy Elaine would rather see than the English Patient. ("Don't you wanna know how they got in there?")Sack Lunch
72%
Coming to theaters this Friday: Kevin Bacon, Susan Sarandon..."You've got to get me over that mountain!" "Nooo!" (Gunshots) "Aaaaaaahhhhh!" There's no higher place than...Mountain High
52%
...and the other one that Kramer guesses.Brown-Eyed Girl
48%
Everybody out of the [movie title]! The [movie title]'s gonna blow!Chunnel
48%
While watching this movie, you do the film's title action, and then when you see Elaine's dancing, you do it again.Cry, Cry Again
48%
George and Elaine are excited to see this movie with Jerry, who cancels because he is forced into dogsitting. Jerry later sees the movie twice: once with George and once with Elaine.Prognosis Negative
48%
George thought that this movie, which featured a climax at the Fountain of Youth, was excellent. Elaine hated it.Ponce de Leon
45%
The first movie that Kramer, as the Moviefone operator, guesses that George wants to see based on George's touch tone phone entry...Agent Zero
34%
...but Elaine and Todd Gack have to see this movie instead.Blame It on the Rain
34%
How about when Harrison Ford jumped out of that plane and he was shooting back at them as he was falling?!Firestorm
31%
After starting (but not finishing!) this straight-to-video movie, Kramer tries to memorialize his wish not to be kept alive on life support if he should slip into a coma.The Other Side of Darkness
31%
Video store employee Vincent, with whom Elaine is enamored, recommends this 192-minute film in which an old woman experiences a lot of these two title things.The Pain and the Yearning
31%
...and then Vincent replaces all his recommendations with this movie when Elaine selects a Gene pick instead.Betrayed
28%
"That's gotta hurt!"Blimp: the Hindenburg Story
28%
The gang's efforts to see this movie together are foiled by a series of mishaps, and after trying in vain to save three seats for Jerry, George, and Kramer, Elaine ends up seeing the movie alone.Checkmate
28%
Jerry's beautiful girlfriend Nikki gets two tickets to this movie even though it's sold out...Means to an End
17%

Score Distribution

Percentile by Number Answered

Percent of People with Each Score

Your Score History

You have not taken this quiz